000 00879nas a2200277 4500
001 BR2011000608
003 BR-BrBNA
005 20231205114420.0
007 ta
008 230509b bl.|||p| |||| 00| 00por d
040 _aBR-BrBNA
_bpor
_cBiblioteca Nacional de Agricultura
041 _a(Pt)
072 _aF60; F06
100 1 _aAlencar, C.A.B. de
100 1 _aOliveira, R.A. de
100 1 _aCóser, A.C.
100 1 _aMartins, C.E.
100 1 _aCunha, F.F. da
245 1 _aComportamento do sistema radicular de capins manejados por pastejo submetidos a diferentes lâminas de irrigação
650 _aGRAMÍNEA FORRAGEIRA
650 _aRAIZ
650 _aIRRIGAÇÃO
773 0 _tEngenharia na Agricultura (Brazil)
_xISSN 1414-3984
_g(Sep-Oct 2010), v. 18(5) p. 429-437
_wBR2011000608
909 _a202311
_bLúcia
_c55
_dLúcia Elande
942 _2AGRIS
_n0
_cANA
999 _c208663
_d208663